000 01087nam a2200313 a 4500
005 20191224041539.0
008 140221b1997 ck ||||| |||| 00| 0 spa d
040 _aCO-BoIAVH
_cCO-BoIAVH
041 _aspa
044 _ack
082 _a570.71
_bU58p
111 _aSimposio de divulgación de investigaciones actuales en el Departamento de Biología
_cCali
_d1997
_987656
245 _aPrimer simposio de divulgación de investigaciones actuales en el departamento de biología
_bprograma y resúmenes
260 _aCali :
_bUniversidad del Valle ;
_c1997.
300 _a25 páginas
_c22 x 17 cm.
650 _aInvestigación científica
_987657
650 _aMastozoología
_97595
650 _aOrnitología
_987658
650 _aAves
_987659
650 _aEntomofauna terrestre
_97670
650 _aMicroorganismos
_94169
650 _aEcología de comunidades
_93558
650 _aEcología de poblaciones
_93557
650 _aTaxonomía
_987662
650 _aBiología molecular
_987663
650 _aHistoria natural
_987664
662 _aColombia
942 _cLIBRO
_2ddc
999 _c694
_d694